Normal view MARC view
  • Cid,

Entry Nombre Personal

Number of records used in: 3

001 - NUMERO DE CONTROL

  • campo de control: 22596

003 - IDENTIFICADOR DE NUMERO DE CONTROL

  • campo de control: UPN

005 - FECHA Y HORA DE LA ÜLTIMA TRANSACCIÓN

  • campo de control: 20220912114618.0

008 - DATOS DE LONGITUD FIJA

  • campo de control de longitud fija: 220912nn acannaabn n aaa d

035 ## - NUMERO DE CONTROL

  • Número de control: UPN10000022605

040 ## - FUENTE DE CATALOGACIÓN

  • Lenguaje de catalogación: SPA
  • Agencia de transcripción: UPN
  • Agencia original de catalogación: UPN

100 0# - ENCABEZAMIENTO - NOMBRE PERSONAL

  • Nombre personal: Cid,
  • Fechas asociadas con el nombre: ca. 1043-1099

670 ## - FUENTE EN LA QUE SE LOCALIZARON DATOS

  • Cita de la fuente: LC
  • Información localizada: Cid, ca. 1043-1099

902 ## - CATALOGADOR

  • Catalogador: MITM/110114